书目信息 |
| 题名: |
建筑产业工人基础
|
|
| 作者: | 蔡锋 著 | |
| 分册: | ||
| 出版信息: | 哈尔滨 哈尔滨工程大学出版社 2020.12 |
|
| 页数: | 138页 | |
| 开本: | 26cm | |
| 丛书名: | ||
| 单 册: | ||
| 中图分类: | TU71 | |
| 科图分类: | ||
| 主题词: | 建筑工程--施工管理 | |
| 电子资源: | ||
| ISBN: | 978-7-5661-2876-8 | |
| 000 | 01195nam0 2200241 45 | |
| 001 | 012001000842 | |
| 005 | 20130912084526.0 | |
| 010 | @a978-7-5661-2876-8@dCNY28.00 | |
| 100 | @a20210531d2020 em y0chiy50 ea | |
| 101 | 0 | @achi |
| 102 | @aCN@b230000 | |
| 105 | @ay az 000yy | |
| 106 | @ar | |
| 200 | 1 | @a建筑产业工人基础@Ajian zhu chan ye gong ren ji chu@b专著@f蔡锋著 |
| 210 | @a哈尔滨@c哈尔滨工程大学出版社@d2020.12 | |
| 215 | @a138页@d26cm | |
| 320 | @a有书目 (第137-138页) | |
| 330 | @a建筑工程的安全,与人民的生命、财产安全息息相关。我国的建筑安全生产工作既面临着机遇,也面临着挑战,这就要求我们顺应安全生产形势发展的需要,从多个方面做好建筑产业的安全技术管理工作。本书首先对建筑产业的基本意义进行了阐述,其次介绍了建筑产业安全生产过程中的基本常识,并在此基础上对建筑工程安全与文明施工中的各个环节进行了展开,然后对建筑工程施工项目管理中所涉及的诸环节(包括项目进度与成本管理、项目质量与安全管理、项目的风险管理等)的管理内容进行了详细分析,最后就建筑工程中的分项工程施工处理技术进行了介绍,旨在为更多建筑行业的同仁们提供有效建议。 | |
| 606 | 0 | @a建筑工程@x施工管理 |
| 690 | @aTU71@v5 | |
| 701 | 0 | @a蔡锋@Acai feng@4著 |
| 801 | 0 | @aCN@bBJSDL@c20211011 |
| 905 | @b1336006-9@dTU71@e1952@f4 | |
| 建筑产业工人基础/蔡锋著.-哈尔滨:哈尔滨工程大学出版社,2020.12 |
| 138页;26cm |
| ISBN 978-7-5661-2876-8:CNY28.00 |
| 建筑工程的安全,与人民的生命、财产安全息息相关。我国的建筑安全生产工作既面临着机遇,也面临着挑战,这就要求我们顺应安全生产形势发展的需要,从多个方面做好建筑产业的安全技术管理工作。本书首先对建筑产业的基本意义进行了阐述,其次介绍了建筑产业安全生产过程中的基本常识,并在此基础上对建筑工程安全与文明施工中的各个环节进行了展开,然后对建筑工程施工项目管理中所涉及的诸环节(包括项目进度与成本管理、项目质量与安全管理、项目的风险管理等)的管理内容进行了详细分析,最后就建筑工程中的分项工程施工处理技术进行了介绍,旨在为更多建筑行业的同仁们提供有效建议。 |
| ● |
| 相关链接 |
|
|
|
|
正题名:建筑产业工人基础
索取号:TU71/1952
 
预约/预借
| 序号 | 登录号 | 条形码 | 馆藏地/架位号 | 状态 | 备注 |
| 1 | 1336006 | 213360067 | 第二样本阅览室/ [索取号:TU71/1952] | 在馆 | |
| 2 | 1336007 | 213360076 | 第三借阅区/ [索取号:TU71/1952] | 在馆 | |
| 3 | 1336008 | 213360085 | 第三借阅区/ [索取号:TU71/1952] | 在馆 | |
| 4 | 1336009 | 213360094 | 第三借阅区/ [索取号:TU71/1952] | 在馆 |